Ładuje się......
Perspectives in Linguistics
| 1. autor: | |
|---|---|
| Format: | Printed Book |
| Język: | English |
| Wydane: |
Uty of Chicago
Uty of Chicago
1963
|
| LEADER | 00486nam a2200133Ia 4500 | ||
|---|---|---|---|
| 008 | 111205s9999 xx 000 0 eng d | ||
| 082 | |a 851M GOV/P | ||
| 100 | |a Waterman ,John T | ||
| 245 | |a Perspectives in Linguistics |c Waterman ,John T | ||
| 260 | |b Uty of Chicago |a Uty of Chicago |c 1963 | ||
| 300 | |a 119 | ||
| 942 | |c BK | ||
| 999 | |c 223675 |d 223675 | ||
| 952 | |0 0 |1 0 |2 ddc |4 0 |6 E_410_000000000000000_WAT_P |7 0 |9 246958 |a MAL |b MAL |c ST1 |d 2011-12-05 |g 1.00 |l 0 |o E 410 WAT/P |p MAL11613 |r 2011-12-05 |v 1.00 |w 2011-12-05 |y BK | ||